Philippine criminal justice system : an introduction / Atty. Ramil G. Gabao. (Record no. 21122)

000 -LEADER
fixed length control field 02037nam a22001817a 4500
020 ## - INTERNATIONAL STANDARD BOOK NUMBER
ISBN 9789719647898
082 ## - DEWEY DECIMAL CLASSIFICATION NUMBER
Classification number 345.599
Item number G112 2023
100 ## - MAIN ENTRY--AUTHOR NAME
Personal name Gabao, Ramil G., author
245 ## - TITLE STATEMENT
Title Philippine criminal justice system : an introduction / Atty. Ramil G. Gabao.
250 ## - EDITION STATEMENT
Edition statement Seventh edition.
260 ## - PUBLICATION, DISTRIBUTION, ETC. (IMPRINT)
Place of publication Quezon City :
Name of publisher Chapter House Publishing Incorporated,
Year of publication 2023.
300 ## - PHYSICAL DESCRIPTION
Number of Pages viii, 182 pages :
Other physical details illustrations ; 22 cm.
500 ## - GENERAL NOTE
General note Includes bibliographical references.
505 ## - FORMATTED CONTENTS NOTE
Formatted contents note Dedication iii -- Preface v -- Chapter I-Introduction to criminal justice basic terminologies, principles and philosophical approaches 1 -- Chapter II- Law enforcement the first pillar in the administration of the criminal justice system (CJS) 39 -- Chapter III-Prosecution The second pillar of the criminal justice system 67 -- Chapter IV- Court The third pillar of the criminal justice system 87 -- Chapter V- Corrections the fourth pillar of the criminal justice system 109 -- Chapter VI- Community the fifth pillar of the criminal justice system 129 -- Appendices 139 -- Image credits 182 --
520 ## - SUMMARY, ETC.
Summary, etc "The Philippine Criminal Justice System is one of the major subject areas in the Criminology Licensure Examination. It introduces the students into other exciting independent subjects in the Criminology curriculum, such as Police Organization and others that focus on the role of Law Enforcement; Criminal procedure on the role of the Prosecutor and the Judiciary; Penology for Institutionalized Corrections and Non-Institutionalized Corrections, among others. As we will see, the process of administering the Criminal Justice System is a very broad and complex area of study. Moreover, it is a fascinating area of academic inquiry touched by the mystique of crime and criminals. It is also one of the most important social issues of our time or of any other time history; in fact, it may well be the most important mirror of our society.Preface"
650 ## - SUBJECT ADDED ENTRY--TOPICAL TERM
Topical Term Criminal justice, Administration of -- Philippines.
942 ## - ADDED ENTRY ELEMENTS (KOHA)
Koha item type Books
Holdings
Source of acquisition Permanent Location Date acquired Koha item type Collection code Accession Number Lost status Shelving location Withdrawn status Current Location Full call number
SchoolCagayan State University - Carig Library2025-07-07BooksFilipiniana010893 Filipiniana Section Cagayan State University - Carig Library345.599 G112 2023
SchoolCagayan State University - Carig Library2025-07-07BooksFilipiniana010894 Filipiniana Section Cagayan State University - Carig Library345.599 G112 2023
SchoolCagayan State University - Carig Library2025-07-07BooksFilipiniana010895 Filipiniana Section Cagayan State University - Carig Library345.599 G112 2023

Cagayan State University University Library, Carig Campus
Tuguegarao City, Cagayan 3500 | www.csucarig.edu.ph

Powered by Koha